| 000 | 00369nam a2200145Ia 4500 | ||
|---|---|---|---|
| 008 | 230711s9999||||xx |||||||||||||| ||und|| | ||
| 041 | _aENG | ||
| 082 |
_a621 _bSI-P |
||
| 100 | _aSiemens,Aktieng csellcchafi | ||
| 245 | 0 | _aPower factor correction | |
| 250 | _a1st | ||
| 260 |
_c1991 _aNew Delhi _bWiley Eastern Limited |
||
| 650 | _aElectrical Engineering | ||
| 942 | _cBK | ||
| 999 |
_c2721 _d2721 |
||